000 01362cam a2200397 i 4500
999 _c200431497
_d49709
001 200431497
003 TR-AnTOB
005 20230823100955.0
007 ta
008 071214s2018 tu b 001 0 tur d
020 _a9751604761
020 _a9789751604767
035 _a(TR-AnTOB)
040 _aT9K
_beng
_erda
_cT9K
_dTR-AnTOB
041 1 _atur
_hger
050 1 4 _aD535.63
090 _aD535.63
_b.B7619 2018
100 1 _aBrockelmann, Carl,
_d1868-1956
_eauthor
_911363
240 1 0 _aGeschichte der islamischen Völker und Staaten.
_lTurkish.
245 1 0 _aİslam ulusları ve devletleri tarihi /
_cCarl Brockelmann ; Türkçeye çeviren Prof. Dr Neşet Çağatay.
250 _a3. baskı.
264 1 _aAnkara :
_bTürk Tarih Kurumu,
_c2018.
300 _a511 pages ;
_c25 cm
336 _atext
_btxt
_2rdacontent.
337 _aunmediated
_bn
_2rdamedia.
338 _avolume
_bnc
_2rdacarrier.
490 0 _aTürk Tarih Kurumu yayınları. X. dizi ;
_v14
500 _aTranslation of: Geschichte der islamischen Völker und Staaten.
504 _aIncludes bibliographical references and index.
590 _aDonated by Ahmet Yaşar Ocak
650 0 _aİslam
_xTarih
_949892
651 7 _aİslam ülkeleri
_xTarih
_2etuturkob
_950654
700 1 _aÇağatay, Neşet
_etranslator
_920382
942 _2lcc
_cBK